[Event "Warsaw Maciei Memorial"]
[Site "Warsaw"]
[Date "2023.07.10"]
[Round "1"]
[White "Bartel, Michal"]
[Black "Adamchyk, Miraslau"]
[Result "1-0"]
[WhiteElo "2252"]
[BlackElo "1419"]
[PlyCount "73"]
[EventDate "2023.07.10"]
[EventType "swiss (blitz)"]
[EventRounds "11"]
[EventCountry "POL"]
[SourceTitle "CBM 215 Extra"]
[Source "ChessBase"]
[SourceDate "2023.09.30"]
[SourceVersion "1"]
[SourceVersionDate "2023.09.30"]
[SourceQuality "1"]

1. e4 c5 2. Ne2 d6 3. g3 Nf6 4. Bg2 g6 5. c3 Bg7 6. d4 cxd4 7. cxd4 0-0 8. Nbc3 Nc6 9. 0-0 Bd7 10. h3 Rc8 11. Be3 a6 12. Qd2 Re8 13. f4 e5 14. fxe5 dxe5 15. d5 Na5 16. b3 Qc7 17. Rac1 Qd6 18. g4 b5 19. Kh1 b4 20. Nd1 Rxc1 21. Nxc1 Rc8 22. Nd3 Bb5 23. N1b2 Nb7 24. Re1 a5 25. Qf2 h5 26. g5 Nd7 27. Rf1 Rf8 28. Nc4 Bxc4 29. bxc4 f6 30. c5 Qe7 31. c6 fxg5 32. Qg1 Rxf1 33. Bxf1 Nd8 34. cxd7 Qxd7 35. Qxg5 Qe8 36. Nc5 Nf7 37. Qxg6 1-0